Guess the Indie Games - Statistiken

Allgemein
  • Dieses Quiz wurde 77 mal gespielt
  • Das Durchschnittsergebnis liegt bei 8 aus 20
Antwortstatistiken
Hint Antwort % Korrekt
Farming simulator where you build a life in a small rural town Stardew Valley
85%
A unique RPG where you can choose to spare or fight monsters Undertale
78%
Challenging platformer about climbing a mountain while facing personal struggles Celeste
71%
Challenging 2D platformer known for its hand-drawn, 1930s cartoon art style Cuphead
69%
Action-platformer set in a mysterious underground kingdom, filled with dangerous creatures Hollow Knight
68%
Retro-inspired 2D platformer where you control a knight with a shovel in a quest to defeat evil Shovel Knight
63%
Simulation game where you play a border control officer in a dystopian country, deciding who gets in Papers, please
54%
Deck-building rogue-like where you climb a spire, battling enemies and collecting cards Slay the Spire
54%
Rogue-like action-platformer where you fight through procedurally generated levels Dead Cells
49%
Rogue-like platformer where you explore caves, avoid traps, and collect treasures Spelunky
34%
Fast-paced fencing game where two players duel to reach the opponent’s side of the screen Nidhogg
29%
Rogue-like dungeon crawler with dark, twisted themes and randomly generated levels Binding of Isaac
26%
Fast-paced, top-down action game with a neon-noir aesthetic and violent combat Hotline Miami
22%
First-person puzzle game set on a mysterious island filled with intricate puzzles The Witness
21%
Puzzle platformer where you manipulate a 2D world in 3D space to unlock secrets Fez
18%
Emotionally driven adventure game where you explore a vast desert and uncover a hidden story Journey
18%
Side-scrolling puzzle-platformer with minimalist design and eerie atmosphere Limbo
18%
Side-scrolling puzzle-platformer with dark, dystopian themes Inside
15%
Puzzle platformer with time-manipulation mechanics and a story that unfolds in reverse Braid
10%
Supernatural thriller about a group of friends who uncover strange occurrences on a haunted island Oxenfree
4%
Keine übereinstimmenden Quizze gefunden
Verteilung der Resultate
Anzahl Personen mit jedem Resultat
Perzentil nach korrekt beantworteten Fragen
Ihre Resultats-Entwicklung
Sie haben dieses Quiz noch nicht gespielt